Delhi : (Record no. 69985)

MARC details
000 -LEADER
fixed length control field 00799nam a22002417a 4500
005 - DATE AND TIME OF LATEST TRANSACTION
control field 20230310103247.0
008 - FIXED-LENGTH DATA ELEMENTS--GENERAL INFORMATION
fixed length control field 120913t xxu||||| |||| 00| 0 eng d
010 ## - LCCN (DPL NO)
LC control number ENG-105869
020 ## - INTERNATIONAL STANDARD BOOK NUMBER
International Standard Book Number 9788129108302
Terms of availability 695.00
020 ## - INTERNATIONAL STANDARD BOOK NUMBER
International Standard Book Number 8129108305
Terms of availability 695.00
035 ## - SYSTEM CONTROL NUMBER
System control number EN-89402
037 ## - SOURCE OF ACQUISITION
Source of stock number/acquisition DBAD/PUB
040 ## - CATALOGING SOURCE
Original cataloging agency DPL
Language of cataloging English
082 ## - DEWEY DECIMAL CLASSIFICATION NUMBER
Classification number 954.16
100 ## - MAIN ENTRY--PERSONAL NAME
Personal name Mohapatra, Satyen
9 (RLIN) 52277
245 ## - TITLE STATEMENT
Title Delhi :
Remainder of title a city of museums /
Statement of responsibility, etc by Satyen Mohapatra
260 ## - PUBLICATION, DISTRIBUTION, ETC. (IMPRINT)
Place of publication, distribution, etc New Delhi
Name of publisher, distributor, etc Rupa
Date of publication, distribution, etc 2012
270 ## - ADDRESS
Address 7/16, Ansari Road, Daryaganj
City New Delhi
Postal code 110002
300 ## - PHYSICAL DESCRIPTION
Extent xvi, 159, [1] p. :
Other physical details ill. (chiefly col.), col. map
Dimensions 28cm(Hb)
500 ## - GENERAL NOTE
General note Includes bibliographical references (p. [160]).
650 ## - SUBJECT ADDED ENTRY--TOPICAL TERM
Topical term or geographic name as entry element Museums
Geographic subdivision India
-- New Delhi.
9 (RLIN) 52504
942 ## - ADDED ENTRY ELEMENTS (KOHA)
Source of classification or shelving scheme Dewey Decimal Classification
Item type English Books
Call number suffix MOH
Classification part 954.16
Holdings
Withdrawn status Lost status Source of classification or shelving scheme Damaged status Not for loan Collection code Home library Current library Date acquired Source of acquisition Cost, normal purchase price Total Checkouts Full call number Barcode Date last seen Copy number Cost, replacement price Koha item type
    Dewey Decimal Classification   Not For Loan Non-fiction D.B.Act.Division D.B.Act.Division 13/09/2012 DBAD / PUB 695.00   954.16 MOH EN-89402 13/09/2012 1 695.00 English Books

© Delhi Public Library
Hit Counter
free hit counter